000 00642cam a2200217 a 4500
001 000009659
005 20200929161647.0
008 980521s1997 mx a 000 0 spa
020 _a9686773444
020 _a970180788X
040 _aDO-SdBNP
_cDLC
050 0 0 _aPQ7298.3.O9
_bH83 1997
082 _a862
_bT736h
100 1 _aTovar, Juan.
_924546
245 1 0 _aHuaxilán ;
_by las adoraciones /
_cJuan Tovar.
260 _aMéxico, D. F. :
_bEl Milagro ;
_bConsejo Nacional para la Cultura y las Artes,
_c1997.
300 _a155 p. :
_bil. ;
_c21 cm.
490 1 _aTeatro
830 0 _aTeatro
_95617
910 _aCatalogación por copia / LC
999 _c9419
_d9419